2001 Anayasa değişikliklerinin ışığında 1982 Anayasası'nda temel hak ve özgürlüklerin sınırlanması (Record no. 4368)

MARC details
000 -BAŞLIK
Sabit Uzunlukta Kontrol Alanı 00693na a2200217 4500
001 - KONTROL NUMARASI
Denetim Alanı 18299
003 - KONTROL NUMARASI IDENTIFIER
Denetim Alanı MIRAKIL
005 - SON İŞLEM TARİHİ VE ZAMANI
Denetim Alanı 20181213155003.0
008 - SABİT-BOY VERİ ELEMANLARI - GENEL BİLGİLER
Sabit Uzunlukta Kontrol Alanı 161116b tu 000 0
040 ## - KATALOGLAMA KAYNAK
Orijinal Kataloglama Ajansı Milas
Kataloglama Dili tur
Metne Dönüştürmek Ajansı TR-AnCHP
041 ## - DİL KODU
Metin / Ses Parça Veya Ayrı Başlığın Dil Kodu tur
082 ## - DEWEY ONLU SINIFLANDIRMA NUMARASI
Sınıflandırma Numarası 342.03
Ürün Numarası V86 2007
090 ## - SINIFLAMA NUMARASI
Sınıflama Numarası 342.03 V86 2007
100 ## - ANA GİRİŞ - KİŞİSEL İSİM
Kişisel Ad Vuraldoğan, Kemal
245 ## - BAŞLIK TABLOSU
Başlık 2001 Anayasa değişikliklerinin ışığında 1982 Anayasası'nda temel hak ve özgürlüklerin sınırlanması
Sorumluluk Tablosu, Vb Kemal Vural
260 ## - YAYIN, DAĞITIM, VB
Yayın, Dağıtım, Vb Yeri Ankara
Yayıncı, Dağıtıcı, Vs Adı Ankara Barosu Yayınları
Yayın, Dağıtım, Vb Tarihi 2007
300 ## - FİZİKSEL TANIM
Kapsam 96 s.
Boyutlar 24 sm.
650 ## - KONU KATMA GİRİŞ - TOPİKAL DÖNEM
Topikal Süreli Veya Coğrafi Ad Giriş Elemanı Anayasa hukuku
Genel Alt Bölümü Hakların sınırlandırılması
650 ## - KONU KATMA GİRİŞ - TOPİKAL DÖNEM
Topikal Süreli Veya Coğrafi Ad Giriş Elemanı Anayasa hukuku
Genel Alt Bölümü Temel haklar
942 ## - EKLENDİ GİRİŞ ELEMANLARI (KOHA)
Sınıflandırma Veya Raf Düzeni Kaynak
Koha Öğesi Türü Books
999 ## - SİSTEM KONTROL NUMARALARI (KOHA)
Koha Biblionumber 4368
Koha Biblioitemnumber 4368
Holdings
Kalıcı Konum Mevcut Konum Edinme Tarihi Edinim Kaynak Toplam Check-Out'Lar Tam Çağrı Numarası Barkod Tarih Son Görülme İtibaren Geçerli Fiyatlar Koha Öğesi Türü
CHP Kütüphanesi CHP Kütüphanesi 11/16/2016 Bağış   342.03 V86 2007 009487 11/16/2016 11/16/2016 Books